000 00612cas a22001935a 4500
001 L139403
008 070726d19441956xxkbr p 0 a0eng u
035 _a(Sirsi) u139403
041 0 _aeng
110 2 _aInstitute of Quantity Surveyors
_92491
245 0 4 _aThe Journal of the Institute of Quantity Surveyors
260 _aLondon
_bIQS
_c1944-1956
362 0 _a10(1) July/August 1953-12(6) May/June 1956
554 _aSix per year
651 4 _aUnited Kingdom
_y
690 _aQuantity surveying
_96263
785 0 0 _tThe Quantity Surveyor
_bThe Journal of the Institute of Quantity Surveyors
942 _n0
999 _c119085
_d119085